Avukatlık Kanunu (Record no. 1884)

MARC details
000 -BAŞLIK
Sabit Uzunlukta Kontrol Alanı 00803na a2200265 4500
001 - KONTROL NUMARASI
Denetim Alanı 17139
003 - KONTROL NUMARASI IDENTIFIER
Denetim Alanı MIRAKIL
005 - SON İŞLEM TARİHİ VE ZAMANI
Denetim Alanı 20181213154838.0
008 - SABİT-BOY VERİ ELEMANLARI - GENEL BİLGİLER
Sabit Uzunlukta Kontrol Alanı 161022b tu 000 0
035 ## - SİSTEM KONTROL NUMARASI
Sistem Kontrol Numarası 17139
040 ## - KATALOGLAMA KAYNAK
Orijinal Kataloglama Ajansı Milas
Kataloglama Dili tur
Metne Dönüştürmek Ajansı TR-AnCHP
041 ## - DİL KODU
Metin / Ses Parça Veya Ayrı Başlığın Dil Kodu tur
082 ## - DEWEY ONLU SINIFLANDIRMA NUMARASI
Sınıflandırma Numarası 347.0520263
Ürün Numarası A54a 1999
090 ## - SINIFLAMA NUMARASI
Sınıflama Numarası 347.0520263 A54a 1999
110 ## - ANA GİRİŞ - KURUMSAL ADI
Giriş Elemanı Olarak Kurumsal Ad Veya Yargı Alanı Adı Ankara Barosu
245 ## - BAŞLIK TABLOSU
Başlık Avukatlık Kanunu
Sorumluluk Tablosu, Vb Ankara Barosu
260 ## - YAYIN, DAĞITIM, VB
Yayın, Dağıtım, Vb Yeri Ankara
Yayıncı, Dağıtıcı, Vs Adı Ankara Barosu
Yayın, Dağıtım, Vb Tarihi 1999
300 ## - FİZİKSEL TANIM
Kapsam 252 s.
Boyutlar 24 sm.
610 ## - KONU KATMA GİRİŞ - TOPLANTI ADI
Giriş Elemanı Olarak Kurumsal Ad Veya Yargı Alanı Adı Ankara Barosu
Genel Alt Bölüm Staj
Coğrafi Alt Bölüm Yönetmelikler
610 ## - KONU KATMA GİRİŞ - TOPLANTI ADI
Giriş Elemanı Olarak Kurumsal Ad Veya Yargı Alanı Adı Türkiye Barolar Birliği
Genel Alt Bölüm Hukuk ve mevzuat
650 ## - KONU KATMA GİRİŞ - TOPİKAL DÖNEM
Topikal Süreli Veya Coğrafi Ad Giriş Elemanı Avukatlık
Genel Alt Bölümü Meslek kuralları
Coğrafi Alt Bölümü Türkiye
650 ## - KONU KATMA GİRİŞ - TOPİKAL DÖNEM
Topikal Süreli Veya Coğrafi Ad Giriş Elemanı Barolar
Genel Alt Bölümü Kanunlar ve yönetmelikler
Coğrafi Alt Bölümü Türkiye
650 ## - KONU KATMA GİRİŞ - TOPİKAL DÖNEM
Topikal Süreli Veya Coğrafi Ad Giriş Elemanı Avukatlık
Genel Alt Bölümü Kanunlar ve yönetmelikler
Coğrafi Alt Bölümü Türkiye
942 ## - EKLENDİ GİRİŞ ELEMANLARI (KOHA)
Sınıflandırma Veya Raf Düzeni Kaynak Dewey Decimal Classification
Koha Öğesi Türü Books
999 ## - SİSTEM KONTROL NUMARALARI (KOHA)
Koha Biblionumber 1884
Koha Biblioitemnumber 1884
Holdings
Kalıcı Konum Mevcut Konum Edinme Tarihi Edinim Kaynak Toplam Check-Out'Lar Tam Çağrı Numarası Barkod Tarih Son Görülme İtibaren Geçerli Fiyatlar Koha Öğesi Türü
CHP Kütüphanesi CHP Kütüphanesi 10/22/2016 Bağış   347.0520263 A54a 1999 005472 10/22/2016 10/22/2016 Books